00351 a2200109 4500020001500000082001900015100002000034245007900054260004700133300003600180650002500216 a8120317343 a624.171105 RAJ aRajasekaran, S. aComputational Structural Mechanics/cS. Rajasekaran, G. Sankarasubramanian aNew Delhi :bPrentice Hall of India,c2001 axiv, 782p. :bill. ;c25 cmeCD aStructural Mechanics